000 00406nam a22001817a 4500
003 MPLRDC
005 20220104142816.0
008 210129b ||||| |||| 00| 0 eng d
082 _a857.7 GT v.2 c.3
100 _a光泰著
245 _a玩家
_c
250 _a初版
260 _a
_b金鞍出版社
_c1989
300 _b
490 _a枕边系列
650 _a
942 _cBK
_o857.7 GT v.2 c.3
999 _c33881
_d33871